| 000 | 01277nam a2200337 i 4500 | ||
|---|---|---|---|
| 001 | 000043395 | ||
| 003 | DO-SdBNP | ||
| 005 | 20260317133558.0 | ||
| 007 | ta | ||
| 008 | 140312s2005 dr ab 000 0 spa d | ||
| 020 | _a9993462225 | ||
| 040 |
_aDO-SdBNP _bsps _cBNPHU _erda |
||
| 041 | _aspa | ||
| 082 | 4 |
_a398.09 _bL789G _222 |
|
| 100 | 1 |
_aGuerrero, José G. _eautor _4aut. _918729 |
|
| 245 | 1 | 0 |
_aFradique Lizardo : _bcultura y folklore en la República Dominicana / _cJosé G. Guerrero. |
| 264 | 1 |
_aSanto Domingo, República Dominicana : _bEditora Universitaria UASD, _c2005. |
|
| 300 |
_a102 páginas : _bilutraciones, mapas ; _c22 cm. |
||
| 336 |
_atexto _btxt _2rdacontent |
||
| 337 |
_asin mediación _bn _2rdamedia |
||
| 338 |
_avolumen _bnc _2rdacarrier |
||
| 490 | 0 |
_aPublicaciones de la Universidad Autónoma de Santo Domingo ; _vv. 746\Colección Cultura y sociedad ; no. 12 |
|
| 504 | _aBibliografía: p. 87-102 | ||
| 600 | 1 | 0 |
_aLizardo, Fradique, _d1930-1997 _962027 |
| 650 | 4 |
_aFolkloristas _986955 _zRepública Dominicana |
|
| 650 | 0 |
_aFolclore _zRepública Dominicana _933448 |
|
| 650 | 0 |
_aCultura _zRepública Dominicana _989224 |
|
| 710 | 1 |
_aUniversidad Autónoma de Santo Domingo _972951 |
|
| 910 | _aValidado. Control de Calidad/MAA | ||
| 942 |
_2ddc _cLBS1 |
||
| 999 |
_c42884 _d42884 |
||